| 000 | 00558nam a2200241Ia 4500 | ||
|---|---|---|---|
| 005 | 20250425160902.0 | ||
| 008 | 250425s9999 xx 000 0 und d | ||
| 020 | _a8432966037 | ||
| 041 | _aspa | ||
| 082 | _a621.3819596 | ||
| 100 | _aPARR, E. A. | ||
| 245 | 0 | _aCIRCUITOS BASICOS DE ORDENADOR | |
| 250 | _a2A ED. | ||
| 260 | _aBARCELONA | ||
| 260 |
_aEspaƱa _bCEAC _c1983 |
||
| 300 | _a103 | ||
| 650 | _aARITMETICA DIGITAL | ||
| 650 | _aCIRCUITOS DIGITALES | ||
| 650 | _aMEMORIA | ||
| 650 | _aORDENADORES | ||
| 942 | _c01 | ||
| 010 | _a7583 | ||
| 999 |
_c198147 _d198147 |
||